Psicología del desarrollo: de la infancia a la adolescencia
Na minha lista:
| Principais autores: | , |
|---|---|
| Formato: | Livro |
| Idioma: | espanhol |
| Publicado em: |
Bogotá
McGraw-Hill
1992
|
| Edição: | 5a. ed |
| Assuntos: | |
| Tags: |
Adicionar Tag
Sem tags, seja o primeiro a adicionar uma tag!
|
MARC
| LEADER | 00000cam a2200000 a 4500 | ||
|---|---|---|---|
| 001 | UCT9932 | ||
| 003 | CL-VaPUC | ||
| 005 | 20231020111430.0 | ||
| 008 | 970416e19920000CK |||||||||||||||||spa|d | ||
| 999 | |c 258269 |d 258267 | ||
| 020 | |a 9586000907 | ||
| 040 | |c Pontificia Universidad Católica de Valparaíso | ||
| 082 | 0 | 4 | |a 155.418 |b PAP |2 21 |
| 100 | |a Papalia, Diane E. |e autora |9 307695 | ||
| 245 | 1 | 0 | |a Psicología del desarrollo: de la infancia a la adolescencia |
| 250 | |a 5a. ed | ||
| 260 | |a Bogotá |b McGraw-Hill |c 1992 | ||
| 300 | |a 672 p | ||
| 583 | |a last modification |c 20130106 11:46:16 |k Rodrigo Vera | ||
| 650 | 0 | |a Psicología del adolescente |9 307864 | |
| 650 | 0 | |a Psicología infantil |9 662992 | |
| 650 | 0 | |a Desarrollo cognitivo |9 311398 |x Niño |x Adolescente | |
| 700 | 0 | |a Wendkos Olds, Sally |e author |9 383043 | |
| 942 | |c BK |2 ddc | ||
| 945 | |d 19970416 00:00:00 |a amoreno | ||
| 952 | |0 0 |1 0 |4 0 |6 155_418000000000000_PAP_1992 |7 0 |8 A |9 282235 |a BIBEDU |b BIBEDU |d 2019-11-19 |i 3301222 |o 155.418 PAP 1992 |p 3301222 |r 2019-11-19 |w 2019-11-19 |y BK |k EDU | ||
| 952 | |0 0 |1 0 |4 0 |6 155_418000000000000_PAP_1992 |7 0 |8 R |9 282236 |a BIBEDU |b BIBEDU |d 2019-11-19 |i 4857682 |o 155.418 PAP 1992 |p 4857682 |r 2019-11-19 |w 2019-11-19 |y BK_R |k PSI | ||